BIBLIOTHÈQUE DE LA MAISON DU MEXIQUE

Logo 1 Logo 2

Los candidatos (notice nᵒ 12620)

détails MARC
000 -Sello discográfico
campo de control de longitud fija 00795nam a2200289 4500
005 - Identificación de versión
campo de control 20251016083953.0
010 ## - Número Estándar Internacional de Libros (ISBN)
Número (ISBN) 968-409-325-X
035 ## - Otros números de control del sistema
Número de control del sistema 17003
099 ## - fechas locales
Tipo de ítem Koha LIBRO
100 ## - Datos de procesamiento general
Datos de procesamiento general 19930801d1987 m y1spay5003 ba
105 ## - Campo de datos codificados: Material textual, monográfico
Datos codificados de monografía a 001zy
200 1# - Título y mención de responsabilidad
Título propio Los candidatos
Designación general del material texto impreso
Primer mención de responsabilidad Adrián Lajous
210 ## - Publicación, distribución, etc.
Lugar de publicación, distribución, etc. México
Nombre del editor, distribuidor, etc. Editores Asociados Mexicanos
Fecha de publicación, distribución, etc. 1987
215 ## - Descripción física
Designación de material específico y extensión del ítem 52 p
Otras características físicas il.
Dimensiones 21 cm
345 ## - Nota de información de adquisición
Fuente de adquisición/dirección de la suscripción [OBSOLETO] Donación
606 ## - Término temático usado como materia
Elemento de entrada Elecciones
Subdivisión geográfica México
Número Koha 861
606 ## - Término temático usado como materia
Elemento de entrada Presidentes
Subdivisión geográfica México
Número Koha 9859
660 ## - Código de área geográfica
Código MX
700 ## - Nombre personal - Responsabilidad primaria
Elemento de entrada Lajous
Parte del nombre distinta del elemento de entrada Adrián
Fechas 1920-2002
Número Koha 19374
801 #0 - Fuente de origen
Agencia cm
900 ## -
-- 1/9775
900 ## -
-- 710935445\\010893
942 ## - ELEMENTOS DE ENTRADA SECUNDARIOS (KOHA)
Tipo de ítem Koha Livre
996 ## -
-- MEX
-- 751145101
-- MMAG
-- 006448
-- 320.972 L191C
-- 20220512LIV
Exemplaires
Estatus retirado Estado de daño Estado de pérdida Fecha de adquisición Biblioteca de origen Biblioteca actual Ubicación en estantería Código de barras Precio de reemplazo Signatura topográfica completa No para préstamo Tipo de ítem Koha Nota pública Nota no pública
      05/08/2025 Casa México Paris Casa México Paris   006448 05/08/2025 320.972 L191C   Livre 20220512LIV 751145101